| 000 | 00698cam a22002412 4500 | ||
|---|---|---|---|
| 001 | 11262 | ||
| 003 | BD-RjUL | ||
| 005 | 20211208235109.0 | ||
| 008 | 140126s1967 nyua b 001 0 eng | ||
| 035 | _a(BD-RjUL)11311 | ||
| 040 |
_aDLC _cDLC _dBD-RjUL _beng |
||
| 041 | _aeng | ||
| 082 | 0 | 0 |
_a660.28448 _bPOL 1967 |
| 245 | 1 | 0 |
_aPolymer fractionation / _cedited by Manfred J. R. Cantow. |
| 260 |
_aNew York : _bAcademic Press, _cc1967. |
||
| 300 |
_axii, 527 p. : _billus. ; _c24 cm. |
||
| 504 | _aIncludes bibliographies and index. | ||
| 650 | 0 |
_aPolymers _xSeparation. _934849 |
|
| 700 | 1 |
_aCantow, Manfred J. R. _934850 |
|
| 942 |
_2ddc _cBK |
||
| 999 |
_c11262 _d11262 |
||